[Event "Kuala Lumpur op 4th"]
[Site "Kuala Lumpur"]
[Date "2007.08.22"]
[Round "5"]
[White "Japeri, Reduan"]
[Black "Lim, Kian Hwa"]
[Result "1/2-1/2"]
[WhiteElo "1831"]
[BlackElo "2062"]
[PlyCount "51"]
[EventDate "2007.08.20"]
[EventType "swiss"]
[EventRounds "11"]
[EventCountry "MAS"]
[SourceTitle "CBM 120 Extra"]
[Source "ChessBase"]
[SourceDate "2007.11.01"]
[SourceVersion "1"]
[SourceVersionDate "2007.11.01"]
[SourceQuality "1"]

1. d4 d5 2. Nf3 Nf6 3. c4 c6 4. Nc3 g6 5. e3 Bg7 6. Be2 0-0 7. 0-0 Nbd7 8. Re1 Re8 9. b3 Ne4 10. Nxe4 dxe4 11. Nd2 e5 12. Nf1 exd4 13. exd4 Nc5 14. Be3 Na6 15. Rc1 f5 16. Qd2 Qf6 17. Red1 Be6 18. Bg5 Qf8 19. d5 Bd7 20. d6 Nc5 21. b4 Ne6 22. Be7 Qf7 23. c5 Bf6 24. Bxf6 Qxf6 25. Bc4 Kg7 26. Qc3 1/2-1/2